Digital circuits and logic design /

Guardado en:
Autor Principal: Lee, Samuel C., 1937-
Formato: Libro
Idioma:English
Publicado: Englewood Cliffs, N.J. : Prentice-Hall, c1976.
Materias:
Etiquetas: Agregar Etiqueta
Sin Etiquetas, Sea el primero en etiquetar este registro!
LEADER 00884pam a22002535a 4500
001 EIQ.libpla001201
008 760223s1976####njua#####b####001#0#eng##
005 20071227150225.0
245 1 0 |a Digital circuits and logic design /  |c Samuel C. Lee. 
260 |a Englewood Cliffs, N.J. :  |b Prentice-Hall,  |c c1976. 
300 |a xii, 594 p. :  |b il. ;  |c 24 cm. 
504 |a Incluye referencias bibliográficas e índice. 
020 |a 0132122251 
100 1 |a Lee, Samuel C.,  |d 1937- 
082 0 0 |a 621.3819/58/35 
650 4 |a Electrónica  |x Diseño digital. 
650 4 |a Electrónica  |x Diseño lógico. 
650 4 |a Electrónica  |x Circuitos integrados. 
650 4 |a Electronics  |x Design digital. 
650 4 |a Electronics.  |x Logic design. 
650 4 |a Electronics  |x Integrated circuits. 
010 |a  76005446  
040 |a DLC  |c DLC  |d AR-BbSID 
859 |a AR-BbSID  |b BIB. PLAPIQUI  |h 621.381  |i L 51  |p 787